| 000 | 00925nam a2200277Ia 4500 | ||
|---|---|---|---|
| 003 | OSt | ||
| 005 | 20220918171011.0 | ||
| 006 | a|||||r|||| 00| 0 | ||
| 007 | ta | ||
| 008 | 220917b |||||||| |||| 00| 0 eng d | ||
| 020 |
_a9781119207597 (pbk) _cUSD 44.95 |
||
| 024 | _a324,409 | ||
| 037 |
_b1479, 29/01/2018, Bright Book Service _cTextual |
||
| 040 |
_aARTS _cARTS _beng |
||
| 041 |
_2eng _aeng |
||
| 082 | _aX:87, Q7 | ||
| 100 |
_aKomives Susan R. Au. _933019 |
||
| 245 | 0 |
_aLeadership for a better world _b understanding the social change model of leadership development |
|
| 250 | _a2nd | ||
| 260 |
_aSan _bFrancisco Jossey-Bass USA _c2017 |
||
| 300 |
_axxxi,293p. _ccm. |
||
| 650 |
_aECONOMICS; LEADERSHIP _933020 |
||
| 700 |
_a Wagner Wendy Au. _933021 |
||
| 942 |
_hX:87, Q7 _cTEXL _2CC |
||
| 999 |
_c137194 _d137194 |
||